000 01120cam a2200289 a 4500
001 13719985
005 20170105102936.0
008 040915s2004 enk b 001 0 eng
010 _a 2004617308
_z 2004433529
020 _a0195799178
035 _a(OCoLC)ocm56423424
040 _aDLC
_cDLC
_dDLC
043 _aa-ii---
050 0 0 _aHJ9568.P86
_bR36 2004
082 _a336.6
_bMUH 2004
100 1 _aRana, Ayaz Mohammad.
245 1 0 _aLocal government finance :
_bsome political aspects : a case study of Punjab /
_cAyaz Muhammad.
260 _aOxford :
_bOxford University Press,
_c2004.
300 _ax, 240 p. ;
_c23 cm.
504 _aIncludes bibliographical references (p. [225]-234) and index.
650 0 _aLocal finance
_zIndia
_zPunjab.
856 4 1 _3Table of contents only
_uhttp://www.loc.gov/catdir/toc/fy051/2004617308.html
856 4 2 _3Publisher description
_uhttp://www.loc.gov/catdir/enhancements/fy0621/2004617308-d.html
906 _a7
_bcbc
_corigres
_d2
_encip
_f20
_gy-gencatlg
942 _2ddc
_cBK
999 _c16280
_d16280